000
00337nam a2200145Ia 4500
005
20250508072011.0
008
240331s9999 xx 000 0 und d
082
_b
THA
_a
891
100
_a
Thamaraichelvi,
245
0
_a
Verlvith thee
260
_a
Jaffna
_b
Meera Veliyeedu
_c
1994
300
_a
31 p .,
650
_a
Kuru Novel
942
_c
L
999
_c
4306
_d
4306